| 000 | 00548nam a22002057a 4500 | ||
|---|---|---|---|
| 001 | 9517 | ||
| 003 | FISKH | ||
| 005 | 20260116145054.0 | ||
| 008 | 260116b cb ||||| |||| 00| 0 eng d | ||
| 020 | _a0850782899 | ||
| 040 |
_aFISKH _beng _cFISKH _dFISKH |
||
| 082 | _a531 | ||
| 100 | _aCatherall , Ed | ||
| 245 |
_aGravity / _cBy Ed Catherall |
||
| 250 | _aFirst published in 1983 | ||
| 260 |
_aEast Sussex : _bWayland Publishers , _c1983 . |
||
| 300 |
_a32 pages : _bcolor illustrations ; _c24 cm . |
||
| 942 |
_2ddc _cBK _n0 |
||
| 999 |
_c9517 _d9517 |
||